000 00814nam a2200265Ia 4500
003 OSt
005 20220916111123.0
006 a|||||r|||| 00| 0
007 ta
008 220915b |||||||| |||| 00| 0 eng d
020 _a9780521059688 (pbk)
024 _a275031
037 _b255, 23/03/2012, University Book House
037 _cTextbook
040 _beng
_aARTS
_cARTS
041 _aeng
082 _aV275.L, P7(TTV)
100 _aTravers Robert
245 0 _aIdeology and empire in eighteenth - century India : The British in Bengal
260 _aNew York
_bCambridge University Press U.S.A
300 _axvi, 273p.
_ccm.
650 _aGENERALIA
942 _hV275.L, P7(TTV)
_cTB
_2CC
999 _c105999
_d105999